Prospects for peace in the Middle East : (Record no. 110314)

MARC details
000 -LEADER
campo de control de longitud fija 02001cam a2200433L 4500
001 - NÚMERO DE CONTROL
campo de control 41217
005 - FECHA Y HORA DE LA ÚLTIMA TRANSACCIÓN
campo de control 20230411085956.0
008 - DATOS DE LONGITUD FIJA--INFORMACIÓN GENERAL
campo de control de longitud fija 921006s1992 xxu r i100 0 eng d
035 ## - NÚMERO DE CONTROL DEL SISTEMA
Número de control de sistema (OCoLC)ocn123422513
040 ## - FUENTE DE CATALOGACIÓN
Centro catalogador/agencia de origen NNUN
Centro/agencia transcriptor NYDRD
020 ## - NÚMERO INTERNACIONAL ESTÁNDAR DEL LIBRO
Número Internacional Estándar del Libro 9211004934
020 ## - NÚMERO INTERNACIONAL ESTÁNDAR DEL LIBRO
Número Internacional Estándar del Libro 9789211004939
035 ## - NÚMERO DE CONTROL DEL SISTEMA
Número de control de sistema (OCoLC)123422513
037 ## - FUENTE DE ADQUISICIÓN
Número de adquisición 92.I.25
Fuente del número de adquisición United Nations Publications, Room DC2-0853, Dept. I004, New York, N.Y. 10017
086 ## - NÚMERO DE CLASIFICACIÓN PARA DOCUMENTOS GUBERNAMENTALES
Número de clasificación [ST/]DPI/1230
Fuente del número undoc
049 ## - FONDOS LOCALES (OCLC)
Biblioteca depositaria GRAL
245 00 - MENCIÓN DEL TÍTULO
Título Prospects for peace in the Middle East :
Resto del título an Israeli-Palestinian dialogue : proceedings of the United Nations Department of Public Information's International Encounter for European Journalists on the Question of Palestine, 3-5 June 1992, Helsinki, Finland.
260 ## - PUBLICACIÓN, DISTRIBUCIÓN, ETC.
Lugar de publicación, distribución, etc. New York :
Nombre del editor, distribuidor, etc. UN,
Fecha de publicación, distribución, etc. 1992.
300 ## - DESCRIPCIÓN FÍSICA
Extensión vi, 142 p. :
Otras características físicas maps.
500 ## - NOTA GENERAL
Nota general Includes UN map no. 3067 rev. 1: UN partition plan, 1947 (Apr. 1983); UN map no. 547.1: The armistice lines of 1949 (Oct.1953); UN map no. 3243 rev. 2: Territories occupied by Israel since June 1967 (June 1991).
500 ## - NOTA GENERAL
Nota general UN Job no.: N9292550 E.
500 ## - NOTA GENERAL
Nota general UN sales no.: 92.I.25.
500 ## - NOTA GENERAL
Nota general Material type: Sales publications (UN).
500 ## - NOTA GENERAL
Nota general Contains: Maps (in UN documents).
500 ## - NOTA GENERAL
Nota general Material type: Conferences, etc. (proceedings/final reports).
506 ## - NOTA DE RESTRICCIONES AL ACCESO
Limitaciones de acceso Distribution: General.
611 27 - PUNTO DE ACCESO ADICIONAL DE MATERIA--NOMBRE DE REUNIÓN/CONGRESO
Nombre de congreso/reunión o jurisdicción como elemento de entrada International Encounter for European Journalists on the Question of Palestine (1st : 1991 : Helsinki)
Fuente del encabezamiento o término unbisn
650 07 - PUNTO DE ACCESO ADICIONAL DE MATERIA--TÉRMINO DE MATERIA
Término de materia o nombre geográfico como elemento de entrada PALESTINE QUESTION.
Fuente del encabezamiento o término unbist
650 07 - PUNTO DE ACCESO ADICIONAL DE MATERIA--TÉRMINO DE MATERIA
Término de materia o nombre geográfico como elemento de entrada PALESTINIANS.
Fuente del encabezamiento o término unbist
650 07 - PUNTO DE ACCESO ADICIONAL DE MATERIA--TÉRMINO DE MATERIA
Término de materia o nombre geográfico como elemento de entrada TERRITORIES OCCUPIED BY ISRAEL.
Fuente del encabezamiento o término unbist
650 07 - PUNTO DE ACCESO ADICIONAL DE MATERIA--TÉRMINO DE MATERIA
Término de materia o nombre geográfico como elemento de entrada CONFERENCES.
Fuente del encabezamiento o término unbist
650 07 - PUNTO DE ACCESO ADICIONAL DE MATERIA--TÉRMINO DE MATERIA
Término de materia o nombre geográfico como elemento de entrada MIDDLE EAST SITUATION.
Fuente del encabezamiento o término unbist
650 07 - PUNTO DE ACCESO ADICIONAL DE MATERIA--TÉRMINO DE MATERIA
Término de materia o nombre geográfico como elemento de entrada MAPS.
Fuente del encabezamiento o término unbist
650 07 - PUNTO DE ACCESO ADICIONAL DE MATERIA--TÉRMINO DE MATERIA
Término de materia o nombre geográfico como elemento de entrada RESOLUTIONS AND DECISIONS.
Fuente del encabezamiento o término unbist
710 2# - ENTRADA AGREGADA--NOMBRE DE ENTIDAD CORPORATIVA
Nombre de entidad corporativa o nombre de jurisdicción como elemento de entrada UN. Department of Public Information.
711 2# - ENTRADA AGREGADA--NOMBRE DE REUNIÓN
Nombre de congreso/reunión o jurisdicción como elemento de entrada International Encounter for European Journalists on the Question of Palestine (1st : 1991 : Helsinki)
942 ## - ELEMENTOS DE ENTRADA SECUNDARIOS (KOHA)
Fuente del sistema de clasificación o colocación Clasificación de Library of Congress
Tipo de ítem Koha
994 ## -
-- C0
-- DRFGD
Holdings
Estatus retirado Estado de pérdida Fuente del sistema de clasificación o colocación Estado de daño No para préstamo Colección Biblioteca de origen Biblioteca actual Ubicación en estantería Fecha de adquisición Código de barras Visto por última vez Copia número Tipo de ítem Koha
    Clasificación de Library of Congress     Automatización y Procesos Técnicos Biblioteca Juan Bosch Biblioteca Juan Bosch Automatización y Procesos Técnicos (1er. Piso) 11/04/2023 00000042021 17/02/2019 1